The Coral Island
Novela de aventura juvenil que relata la historia de tres adolescentes que naufragan en una isla desierta tras una tormenta al ser abandonados en el barco que navegaban al no caber en los barcos salvavidas. Narrada desde el punto de vista de Ralph, uno de los niños náufragos, el libro se divide en d...
Zapisane w:
| 1. autor: | |
|---|---|
| Format: | Książka |
| Język: | Undetermined |
| Wydane: |
Londres, Inglaterra
Collins Clear Type Press
1953
|
| Hasła przedmiotowe: | |
| Etykiety: |
Dodaj etykietę
Nie ma etykietki, Dołącz pierwszą etykiete!
|
MARC
| LEADER | 00000nam a2200000Ia 4500 | ||
|---|---|---|---|
| 008 | 170316s9999 xx 000 0 und d | ||
| 040 | |a cru BVZT | ||
| 090 | |a 820 B-5c | ||
| 100 | |a Ballantyne, R. M. | ||
| 245 | 4 | |a The Coral Island | |
| 260 | |a Londres, Inglaterra | ||
| 260 | |b Collins Clear Type Press | ||
| 260 | |c 1953 | ||
| 300 | |a 317 páginas | ||
| 520 | |a Novela de aventura juvenil que relata la historia de tres adolescentes que naufragan en una isla desierta tras una tormenta al ser abandonados en el barco que navegaban al no caber en los barcos salvavidas. Narrada desde el punto de vista de Ralph, uno de los niños náufragos, el libro se divide en dos partes: la primera en cómo sobreviven en la isla y la segunda sus desventuras al irse relacionando con personas que pasan a su isla. | ||
| 650 | |a LITERATURA INGLESA |9 12 | ||
| 999 | |c 6752 |d 6752 | ||
| 942 | |c 15 D |h 820 B-5c |2 z | ||
